[Event "BdR-ch Open 13 0809"]
[Site "Vitrolles"]
[Date "2008.12.06"]
[Round "3"]
[White "Estevez, Ange"]
[Black "Calatayud, Stephane"]
[Result "1/2-1/2"]
[WhiteElo "1625"]
[BlackElo "1580"]
[PlyCount "52"]
[EventDate "2008.10.11"]
[EventType "swiss"]
[EventRounds "9"]
[EventCountry "FRA"]

1. e4 e5 2. d4 exd4 3. c3 dxc3 4. Bc4 cxb2 5. Bxb2 d5 6. Bxd5 Nf6 7. Bxf7+ Kxf7
8. Qxd8 Bb4+ 9. Qd2 Bxd2+ 10. Nxd2 Be6 11. Ngf3 Nbd7 12. Ng5+ Ke7 13. Nxe6 Kxe6
14. f4 b5 15. Rc1 c5 16. O-O c4 17. f5+ Ke7 18. Nf3 Rhc8 19. Ba3+ Ke8 20. e5
Nd5 21. Bd6 a5 22. Nd4 b4 23. Ne6 a4 24. Nxg7+ Kd8 25. Ne6+ Ke8 26. Ng7+ Kd8
1/2-1/2

[Event "BdR-ch Open 13 0809"]
[Site "Vitrolles"]
[Date "2008.12.06"]
[Round "3"]
[White "Madranges, Jean"]
[Black "Cortes, Antoine"]
[Result "0-1"]
[WhiteElo "1724"]
[BlackElo "2165"]
[PlyCount "66"]
[EventDate "2008.10.11"]
[EventType "swiss"]
[EventRounds "9"]
[EventCountry "FRA"]

1. d4 g6 2. Nf3 Bg7 3. Bf4 Nf6 4. Nc3 O-O 5. e4 d6 6. Qd2 c6 7. Bh6 Qa5 8. Bxg7
Kxg7 9. Bd3 Bg4 10. Ng5 h6 11. h3 Qxg5 12. Qxg5 hxg5 13. hxg4 Nxg4 14. Be2 Nf6
15. O-O-O Nbd7 16. g3 Rh8 17. Rhf1 Rh2 18. Rde1 e5 19. dxe5 dxe5 20. f4 exf4
21. gxf4 gxf4 22. Rxf4 Re8 23. Ref1 b5 24. b4 Re7 25. Bd3 Nh5 26. Rg4 Ne5 27.
Rgg1 a5 28. a3 axb4 29. axb4 Nxd3+ 30. cxd3 Ra7 31. d4 Ra1+ 32. Nb1 Ra4 33. d5
Rxb4 0-1

[Event "BdR-ch Open 13 0809"]
[Site "Vitrolles"]
[Date "2008.12.06"]
[Round "3"]
[White "Baquer, Marc"]
[Black "Del Vecchio, Alain"]
[Result "1-0"]
[WhiteElo "1806"]
[BlackElo "1900"]
[PlyCount "103"]
[EventDate "2008.10.11"]
[EventType "swiss"]
[EventRounds "9"]
[EventCountry "FRA"]

1. d4 f5 2. Bg5 g6 3. Nf3 Bg7 4. Nbd2 Nf6 5. e3 d6 6. Bc4 e6 7. h4 h6 8. Bxf6
Qxf6 9. e4 Nc6 10. Bb5 Bd7 11. Qe2 O-O-O 12. c3 g5 13. h5 Rhf8 14. O-O-O e5 15.
d5 Ne7 16. Nb3 fxe4 17. Bxd7+ Rxd7 18. Qxe4 Qf4+ 19. Qxf4 Rxf4 20. Rd2 Ng8 21.
Ne1 Rdf7 22. Nd3 R4f6 23. f3 Ne7 24. Nf2 Rf8 25. Kc2 Nf5 26. Ng4 R6f7 27. Nc1
Re8 28. Nd3 e4 29. fxe4 Rxe4 30. Ndf2 Re8 31. Kd3 Rfe7 32. Rh3 Nh4 33. Ne3 Be5
34. Nfg4 Bg7 35. Rf2 Rf8 36. Rxf8+ Bxf8 37. g3 Nf3 38. Nf5 Ne5+ 39. Nxe5 Rxe5
40. Ne3 Re7 41. g4 Kd7 42. Rf3 Ke8 43. Nf5 Re5 44. Re3 Rxe3+ 45. Kxe3 Kf7 46.
Ke4 Kf6 47. Nd4 Be7 48. Nb5 c6 49. dxc6 bxc6 50. Nxa7 c5 51. Kd5 Bf8 52. Nc8
1-0

[Event "BdR-ch Open 13 0809"]
[Site "Vitrolles"]
[Date "2008.12.06"]
[Round "3"]
[White "Nakache, Jonathan"]
[Black "Poulain, Cedric"]
[Result "0-1"]
[WhiteElo "1860"]
[BlackElo "1933"]
[PlyCount "74"]
[EventDate "2008.10.11"]
[EventType "swiss"]
[EventRounds "9"]
[EventCountry "FRA"]

1. e4 e5 2. Nf3 Nf6 3. Nxe5 d6 4. Nf3 Nxe4 5. Nc3 Nxc3 6. dxc3 Be7 7. Bf4 Nc6
8. Qd2 Be6 9. O-O-O Qd7 10. Kb1 h6 11. Nd4 Nxd4 12. cxd4 Qa4 13. b3 Qd7 14. Re1
g5 15. Be3 d5 16. h4 gxh4 17. Bxh6 O-O-O 18. Bf4 Bf5 19. Bd3 Bxd3 20. Qxd3 Rdg8
21. Qf3 f6 22. Rh3 Bb4 23. Reh1 Qg7 24. Qxd5 Qxg2 25. Qxg2 Rxg2 26. Bg3 Bc3 27.
d5 Be5 28. c4 Bxg3 29. fxg3 Re8 30. Rxh4 Ree2 31. Rh8+ Kd7 32. R1h7+ Kd6 33.
Rd8+ Kc5 34. Rh1 Rb2+ 35. Kc1 Rxa2 36. Kb1 Kb4 37. Re1 Ka3 0-1

[Event "BdR-ch Open 13 0809"]
[Site "Vitrolles"]
[Date "2008.12.06"]
[Round "3"]
[White "Lac, Benjamin"]
[Black "Colandrea, Sauveur"]
[Result "0-1"]
[WhiteElo "1770"]
[BlackElo "1899"]
[PlyCount "136"]
[EventDate "2008.10.11"]
[EventType "swiss"]
[EventRounds "9"]
[EventCountry "FRA"]

1. e4 c5 2. Nf3 e6 3. c3 Nf6 4. Bd3 Nc6 5. O-O Qc7 6. Re1 Be7 7. Bc2 d6 8. d3
O-O 9. Nbd2 Bd7 10. Nf1 Rac8 11. d4 cxd4 12. cxd4 Nb4 13. Bb1 Nc2 14. Bxc2 Qxc2
15. Qxc2 Rxc2 16. Ne3 Rc7 17. e5 dxe5 18. dxe5 Ne4 19. Ng4 Nc5 20. Rd1 Rfc8 21.
Be3 b6 22. h3 Na4 23. Rd2 Bc6 24. Ne1 Bb5 25. f4 h5 26. Nh2 Nc5 27. Rc1 Ne4 28.
Rdc2 Rxc2 29. Rxc2 Rd8 30. Nhf3 Nc5 31. Nd4 Be8 32. Kf2 Bh4+ 33. g3 Be7 34. b4
Ne4+ 35. Kf3 Bxb4 36. Kxe4 Bxe1 37. g4 hxg4 38. hxg4 Bb4 39. f5 exf5+ 40. gxf5
Bc5 41. f6 g6 42. Bc1 Bd7 43. Bh6 Rc8 44. Nf3 Bf5+ 45. Kd5 Rd8+ 46. Kc4 Be6+
47. Kc3 Bf8 48. Bxf8 Rc8+ 49. Kb2 Rxc2+ 50. Kxc2 Kxf8 51. a3 Ke8 52. Nd4 Kd7
53. Nb5 a6 54. Nd4 Bd5 55. Kd2 g5 56. Ke3 b5 57. Nc2 a5 58. Kd4 Bb3 59. Ne3 Kc6
60. Nf5 g4 61. Ke4 Bc2+ 62. Kf4 Bxf5 63. Kxf5 Kd7 64. Kxg4 b4 65. axb4 axb4 66.
Kg5 b3 67. Kh6 b2 68. Kg7 Ke6 0-1

[Event "BdR-ch Open 13 0809"]
[Site "Vitrolles"]
[Date "2008.12.06"]
[Round "3"]
[White "Chauvet, Vincent"]
[Black "Battesti, Marc Andria"]
[Result "1-0"]
[WhiteElo "1820"]
[BlackElo "1965"]
[PlyCount "93"]
[EventDate "2008.10.11"]
[EventType "swiss"]
[EventRounds "9"]
[EventCountry "FRA"]

1. e4 e6 2. f4 d5 3. e5 c5 4. Nf3 Nc6 5. c3 Be7 6. Na3 a6 7. Nc2 b5 8. d4 Bb7
9. Be2 Nh6 10. O-O Nf5 11. Ne3 Nxe3 12. Bxe3 c4 13. Qe1 b4 14. Bd1 Qb6 15. Bc2
Na5 16. f5 b3 17. axb3 Nxb3 18. Rb1 a5 19. Qg3 g6 20. fxe6 fxe6 21. Ng5 Kd7 22.
Rf7 h6 23. Nh7 g5 24. Rbf1 a4 25. Qf3 Qd8 26. Qh3 Bc8 27. Qxh6 Kc6 28. Qg6 a3
29. bxa3 Rxa3 30. Nxg5 Rg8 31. Rg7 Bxg5 32. Bxg5 Rxg7 33. Qxg7 Qb6 34. Qf8 Qa6
35. Bg6 Ra2 36. Qd6+ Kb7 37. Qxa6+ Rxa6 38. h4 Ra8 39. h5 Bd7 40. h6 Be8 41.
Bxe8 Rxe8 42. Rf7+ Kc6 43. h7 Nxd4 44. cxd4 c3 45. Rf3 Rh8 46. Rxc3+ Kd7 47.
Rh3 1-0

[Event "BdR-ch Open 13 0809"]
[Site "Vitrolles"]
[Date "2008.12.06"]
[Round "3"]
[White "Chauvet, Jean Marc"]
[Black "Pierrugues, Laurent"]
[Result "1/2-1/2"]
[WhiteElo "1981"]
[BlackElo "1860"]
[PlyCount "72"]
[EventDate "2008.10.11"]
[EventType "swiss"]
[EventRounds "9"]
[EventCountry "FRA"]

1. e4 e6 2. d4 d5 3. e5 c5 4. c3 Nc6 5. Nf3 Qb6 6. a3 c4 7. Nbd2 Na5 8. Be2 Bd7
9. Rb1 Ne7 10. Nf1 Ng6 11. Be3 Be7 12. h4 h6 13. h5 Nf8 14. N3d2 Nh7 15. Qc1
Ba4 16. f4 O-O-O 17. b4 cxb3 18. c4 Kb8 19. c5 Qc6 20. Qc3 b6 21. Bd1 Nb7 22.
Bxb3 Bxb3 23. Nxb3 Ka8 24. Rc1 Rc8 25. Qd3 Qa4 26. Nfd2 Nf8 27. O-O Nd7 28.
cxb6 Nxb6 29. Nc5 Nxc5 30. dxc5 Nd7 31. Nb3 Rc7 32. Rc3 Rhc8 33. Rfc1 Bh4 34.
Bd4 Be7 35. Kh2 Nb8 36. Be3 Nc6 1/2-1/2

[Event "BdR-ch Open 13 0809"]
[Site "Vitrolles"]
[Date "2008.12.06"]
[Round "3"]
[White "Parroco, Pierre Jean"]
[Black "Collier, Timothy"]
[Result "0-1"]
[WhiteElo "1745"]
[BlackElo "1897"]
[PlyCount "92"]
[EventDate "2008.10.11"]
[EventType "swiss"]
[EventRounds "9"]
[EventCountry "FRA"]

1. e4 e5 2. Nf3 Nc6 3. Bb5 a6 4. Ba4 Nf6 5. O-O Be7 6. Re1 b5 7. Bb3 d6 8. c3
O-O 9. h3 Na5 10. Bc2 c5 11. d4 Qc7 12. Nbd2 Nc6 13. Nf1 cxd4 14. cxd4 exd4 15.
Bb3 Qb6 16. Bd5 Nxd5 17. exd5 Ne5 18. Nxd4 Bf6 19. Nh2 Bb7 20. Nf5 Qc5 21. Bf4
Qxd5 22. Qxd5 Bxd5 23. Bxe5 dxe5 24. Ng4 Be6 25. Nxf6+ gxf6 26. Ng3 Kg7 27. f4
exf4 28. Nh5+ Kh6 29. Nxf4 Rfe8 30. a3 Bc4 31. Kf2 Re5 32. Re3 Rd8 33. b4 Rd2+
34. Kf3 Rxe3+ 35. Kxe3 Rb2 36. g3 Rb3+ 37. Kf2 Kg5 38. Re1 Rxa3 39. Re8 a5 40.
bxa5 Rxa5 41. Ng2 Ra2+ 42. Kg1 Be6 43. Nf4 b4 44. Nxe6+ fxe6 45. Rxe6 b3 46.
Re1 b2 0-1

[Event "BdR-ch Open 13 0809"]
[Site "Vitrolles"]
[Date "2008.12.06"]
[Round "3"]
[White "Garcia, Robustiano"]
[Black "Anton, Jose"]
[Result "0-1"]
[WhiteElo "1610"]
[BlackElo "1916"]
[PlyCount "135"]
[EventDate "2008.10.11"]
[EventType "swiss"]
[EventRounds "9"]
[EventCountry "FRA"]

1. d4 Nf6 2. c4 e5 3. dxe5 Ng4 4. Nf3 Bc5 5. e3 Nc6 6. Nc3 O-O 7. Be2 Re8 8.
O-O Ngxe5 9. Nxe5 Nxe5 10. b3 a5 11. Bb2 Ra6 12. Qd5 Bf8 13. c5 Rh6 14. Rad1
Qh4 15. h3 d6 16. Qd4 Qf6 17. Nd5 Qg6 18. Nf4 Qg5 19. g4 Rh4 20. f3 dxc5 21.
Qd5 c6 22. Qd2 Ng6 23. Nxg6 Qxg6 24. Kg2 Qh6 25. e4 Rxh3 26. Rh1 Qxd2 27. Rxd2
Rxh1 28. Kxh1 g6 29. Kg2 Bg7 30. Ba3 Bd4 31. Rc2 b6 32. Kg3 Re5 33. Bb2 Bb7 34.
Kf4 g5+ 35. Kg3 h6 36. Rd2 Bxb2 37. Rxb2 Kf8 38. Rd2 Ke7 39. Rd1 Re6 40. Bc4
Rd6 41. Rxd6 Kxd6 42. Bxf7 Ke5 43. Kf2 Kf4 44. Bc4 Bc8 45. a4 Bd7 46. Ke2 b5
47. Bd3 bxa4 48. bxa4 Be6 49. Bc2 Bf7 50. Bd1 Bc4+ 51. Kd2 Bf7 52. Be2 Ke5 53.
Kc3 Kf4 54. Kd2 Bb3 55. Bd1 Bf7 56. Be2 Ke5 57. Kc3 Kd6 58. Bc4 Be8 59. Kd2 h5
60. gxh5 Bxh5 61. Ke3 Ke5 62. Bb3 Be8 63. Bc4 Bd7 64. Bb3 Bh3 65. Bc4 Bc8 66.
Be2 Be6 67. Kd3 Bb3 68. Bd1 0-1

[Event "BdR-ch Open 13 0809"]
[Site "Vitrolles"]
[Date "2008.12.06"]
[Round "3"]
[White "Lenfant, Francois"]
[Black "Busson, Benoist"]
[Result "1/2-1/2"]
[WhiteElo "2098"]
[BlackElo "2007"]
[PlyCount "161"]
[EventDate "2008.??.??"]

1. c4 e5 2. g3 d6 3. Bg2 f5 4. Nc3 Nf6 5. d3 Be7 6. e3 O-O 7. Nge2 Kh8 8. O-O
Qe8 9. b3 c6 10. Bb2 Qh5 11. d4 g5 12. dxe5 dxe5 13. Nc1 Qxd1 14. Rxd1 Kg8 15.
Nd3 e4 16. Ne5 Nbd7 17. Nxd7 Nxd7 18. g4 Nf6 19. gxf5 Bxf5 20. Rd2 Rad8 21.
Rad1 Rxd2 22. Rxd2 Rd8 23. Rxd8+ Bxd8 24. Ne2 Kf7 25. Ng3 Ke6 26. Bxf6 Bxf6 27.
Bxe4 Bxe4 28. Nxe4 Be7 29. f3 Ke5 30. h3 a5 31. Kf2 h6 32. Ke2 b5 33. cxb5 cxb5
34. Nc3 b4 35. Nd1 Kd5 36. Kd3 Bf6 37. Nf2 h5 38. Ne4 Be7 39. Ng3 h4 40. Ne4
Bd8 41. Nd2 Bf6 42. Nc4 Bd8 43. e4+ Kc5 44. Ne3 Bf6 45. Nd5 Be5 46. Ne3 Bf4 47.
Nc4 Bc7 48. Ne3 Bf4 49. Ng4 Bb8 50. Nf6 Bc7 51. Nh7 Bd8 52. Ke3 Be7 53. f4
gxf4+ 54. Kxf4 Kd4 55. e5 Kc3 56. Ke4 Kb2 57. Kd3 Kxa2 58. Kc4 a4 59. bxa4 b3
60. Nf6 Bxf6 61. exf6 b2 62. f7 b1=Q 63. f8=Q Qb3+ 64. Kd4 Qxa4+ 65. Ke5 Qb5+
66. Ke4 Qc4+ 67. Ke5 Qc3+ 68. Ke4 Qe1+ 69. Kd4 Qd2+ 70. Ke4 Qe1+ 71. Kd4 Qg1+
72. Ke4 Qb1+ 73. Kd4 Qb2+ 74. Ke4 Qb7+ 75. Kf4 Qc7+ 76. Ke4 Qc6+ 77. Ke3 Qe6+
78. Kf2 Qxh3 79. Qa8+ Kb2 80. Qb7+ Kc3 81. Qf3+ 1/2-1/2

[Event "BdR-ch Open 13 0809"]
[Site "Vitrolles"]
[Date "2009.01.10"]
[Round "4"]
[White "Anton, Jose"]
[Black "Chauvet, Jean Marc"]
[Result "1-0"]
[WhiteElo "1922"]
[BlackElo "1983"]
[PlyCount "63"]
[EventDate "2008.10.11"]
[EventType "swiss"]
[EventRounds "9"]
[EventCountry "FRA"]

1. e4 e6 2. Nf3 d5 3. e5 c5 4. b4 cxb4 5. d4 Nc6 6. a3 Bd7 7. axb4 Bxb4+ 8. c3
Be7 9. Bd3 Na5 10. O-O a6 11. Qe2 Nb3 12. Ra2 Nxc1 13. Rxc1 b5 14. Na3 Bxa3 15.
Rxa3 Ne7 16. Rca1 Qb6 17. h4 Qc6 18. Qb2 Nf5 19. Qb4 Ne7 20. Ra5 Qb7 21. Qa3
Qc7 22. Qc1 Qb6 23. Qg5 Kf8 24. Qd2 h5 25. Qa2 Qc7 26. Qa3 f6 27. Qc1 Kf7 28.
Rxa6 Rxa6 29. Rxa6 Rc8 30. exf6 gxf6 31. Qh6 Ng8 32. Bg6+ 1-0

[Event "BdR-ch Open 13 0809"]
[Site "Vitrolles"]
[Date "2009.01.10"]
[Round "4"]
[White "Busson, Benoist"]
[Black "Battaglia, Gerard"]
[Result "1-0"]
[WhiteElo "1994"]
[BlackElo "1920"]
[PlyCount "69"]
[EventDate "2008.10.11"]
[EventType "swiss"]
[EventRounds "9"]
[EventCountry "FRA"]

1. e4 e6 2. b3 d5 3. Bb2 dxe4 4. Nc3 Nf6 5. Qe2 Be7 6. Nxe4 O-O 7. g4 Bd7 8.
Bg2 Bc6 9. O-O-O a5 10. a4 Nd5 11. Nh3 Nd7 12. f4 Re8 13. Ng3 Bf6 14. d4 g6 15.
Qf2 Nb4 16. Bxc6 Nxc6 17. Ne4 Bg7 18. Kb1 Nb6 19. Nhg5 Qe7 20. h4 Red8 21. Nf3
Nd5 22. h5 h6 23. hxg6 fxg6 24. Ne5 Nxe5 25. fxe5 Rf8 26. Qg3 Rf7 27. g5 hxg5
28. Nxg5 Rf5 29. Rdg1 Nf4 30. Qg4 Kf8 31. Bc1 Nh5 32. Nh7+ Ke8 33. Qxg6+ Qf7
34. Qxf7+ Kxf7 35. Ng5+ 1-0

[Event "BdR-ch Open 13 0809"]
[Site "Vitrolles"]
[Date "2009.01.10"]
[Round "4"]
[White "Calatayud, Stephane"]
[Black "Garcia, Robustiano"]
[Result "1-0"]
[WhiteElo "1580"]
[BlackElo "1610"]
[PlyCount "33"]
[EventDate "2008.10.11"]
[EventType "swiss"]
[EventRounds "9"]
[EventCountry "FRA"]

1. e4 d6 2. d4 Nf6 3. Nc3 g6 4. Bg5 Bg7 5. f4 O-O 6. Nf3 c6 7. Bd3 b5 8. O-O
Qc7 9. e5 Ne8 10. Qe1 e6 11. Ne4 Nd7 12. Be7 dxe5 13. fxe5 Bb7 14. Bxf8 Bxf8
15. Qh4 h6 16. Nfg5 Qd8 17. Rxf7 1-0

[Event "BdR-ch Open 13 0809"]
[Site "Vitrolles"]
[Date "2009.01.10"]
[Round "4"]
[White "Collier, Timothy"]
[Black "Lenfant, Francois"]
[Result "1/2-1/2"]
[WhiteElo "1903"]
[BlackElo "2085"]
[PlyCount "65"]
[EventDate "2008.10.11"]
[EventType "swiss"]
[EventRounds "9"]
[EventCountry "FRA"]

1. e4 e6 2. d4 d5 3. Nd2 Be7 4. Bd3 c5 5. exd5 exd5 6. Bb5+ Bd7 7. Bxd7+ Nxd7
8. dxc5 Nxc5 9. Ngf3 Nf6 10. O-O O-O 11. Nb3 Nce4 12. Be3 Re8 13. Bd4 Bd6 14.
Qd3 Qd7 15. Bxf6 Nxf6 16. Nbd4 Ne4 17. Rad1 Rad8 18. c3 Bb8 19. Qb5 Qc7 20. Nf5
Ng5 21. N5d4 a6 22. Qd3 Ne4 23. g3 Qc4 24. Qb1 Qc7 25. Rfe1 Ba7 26. Qd3 g6 27.
Nd2 Nf6 28. f3 h5 29. Kg2 h4 30. Nf1 hxg3 31. hxg3 Nh5 32. Qd2 Kg7 33. Rxe8
1/2-1/2

[Event "BdR-ch Open 13 0809"]
[Site "Vitrolles"]
[Date "2009.01.10"]
[Round "4"]
[White "Cortes, Antoine"]
[Black "Baquer, Marc"]
[Result "1-0"]
[WhiteElo "2172"]
[BlackElo "1794"]
[PlyCount "77"]
[EventDate "2008.10.11"]
[EventType "swiss"]
[EventRounds "9"]
[EventCountry "FRA"]

1. e4 e6 2. d4 d5 3. Nc3 Nf6 4. e5 Nfd7 5. f4 c5 6. Nf3 Nc6 7. Be3 cxd4 8. Nxd4
Bc5 9. Qd2 a6 10. O-O-O Nxd4 11. Bxd4 b5 12. Kb1 O-O 13. h4 Qc7 14. h5 b4 15.
Ne2 a5 16. f5 Bxd4 17. Nxd4 Nxe5 18. f6 gxf6 19. g4 Kh8 20. g5 fxg5 21. Qxg5 f6
22. Qf4 Qg7 23. Bh3 Qg5 24. Qf2 Ng4 25. Bxg4 Qxg4 26. Rdg1 Qe4 27. Rh4 Qe5 28.
Rhg4 f5 29. Rg7 Qxg7 30. Rxg7 Kxg7 31. Qg3+ Kf7 32. Qc7+ Kf6 33. Qxh7 Ba6 34.
Qh6+ Ke5 35. Qe3+ Kd6 36. Qxe6+ Kc5 37. Nb3+ Kb5 38. Qxd5+ Kb6 39. Qc5+ 1-0

[Event "BdR-ch Open 13 0809"]
[Site "Vitrolles"]
[Date "2009.01.10"]
[Round "4"]
[White "Del Vecchio, Alain"]
[Black "Parroco, Pierre Jean"]
[Result "1-0"]
[WhiteElo "1900"]
[BlackElo "1737"]
[PlyCount "61"]
[EventDate "2008.10.11"]
[EventType "swiss"]
[EventRounds "9"]
[EventCountry "FRA"]

1. e4 e5 2. Bc4 Nf6 3. d3 d6 4. Nc3 Nc6 5. h3 Na5 6. Be3 Nxc4 7. dxc4 Be6 8. b3
Be7 9. Qd2 d5 10. cxd5 Bb4 11. f3 Bxd5 12. a3 Bxc3 13. Qxc3 Bc6 14. Qxe5+ Qe7
15. Qxe7+ Kxe7 16. O-O-O b6 17. Ne2 Rhe8 18. Bg5 h6 19. Bf4 Rac8 20. Rd2 Red8
21. Rhd1 Rxd2 22. Rxd2 Ne8 23. Kb2 Rd8 24. Rxd8 Kxd8 25. c4 a6 26. Kc3 h5 27.
Kd4 Kd7 28. Nc1 Ke6 29. Nd3 f6 30. Bg3 g6 31. Nf4+ 1-0

[Event "BdR-ch Open 13 0809"]
[Site "Vitrolles"]
[Date "2009.01.10"]
[Round "4"]
[White "Girard, Jean Pierre"]
[Black "Lac, Benjamin"]
[Result "1-0"]
[WhiteElo "1944"]
[BlackElo "2110"]
[PlyCount "29"]
[EventDate "2008.10.11"]
[EventType "swiss"]
[EventRounds "9"]
[EventCountry "FRA"]

1. e4 e5 2. Nf3 Nc6 3. Bb5 Bc5 4. O-O Nge7 5. c3 a6 6. Ba4 b5 7. Bb3 h6 8. Nxe5
Nxe5 9. d4 Bd6 10. dxe5 Bxe5 11. f4 Bd6 12. Be3 O-O 13. Qg4 Ng6 14. Qxg6 Qe7
15. Bd4 1-0

[Event "BdR-ch Open 13 0809"]
[Site "Vitrolles"]
[Date "2009.01.10"]
[Round "4"]
[White "Israel, Daniel"]
[Black "Colandrea, Sauveur"]
[Result "0-1"]
[WhiteElo "1740"]
[BlackElo "1895"]
[PlyCount "54"]
[EventDate "2008.10.11"]
[EventType "swiss"]
[EventRounds "9"]
[EventCountry "FRA"]

1. d4 d6 2. c4 c5 3. d5 e6 4. dxe6 fxe6 5. b3 Qf6 6. Qc2 Qxa1 7. Nc3 Nc6 8. a3
Nd4 9. Qb2 Qxb2 10. Bxb2 Nxb3 11. Nb5 Kd8 12. Nxd6 Nh6 13. Ne4 Rg8 14. g3 Nf7
15. Bg2 Nd6 16. Nxd6 Bxd6 17. Nf3 h6 18. O-O Ke7 19. e4 a5 20. Rd1 Ra6 21. e5
Bc7 22. Rd3 a4 23. Ne1 Ba5 24. Nc2 Rd8 25. Rxd8 Kxd8 26. f4 Nd2 27. Bf1 Rb6 0-1

[Event "BdR-ch Open 13 0809"]
[Site "Vitrolles"]
[Date "2009.01.10"]
[Round "4"]
[White "Montanelli, Tristan"]
[Black "Estevez, Ange"]
[Result "1-0"]
[WhiteElo "1611"]
[BlackElo "1624"]
[PlyCount "113"]
[EventDate "2008.10.11"]
[EventType "swiss"]
[EventRounds "9"]
[EventCountry "FRA"]

1. d4 d6 2. Nf3 g6 3. e3 Bg7 4. Bd3 Nd7 5. Nbd2 Nh6 6. c3 O-O 7. O-O e5 8. e4
Kh8 9. Nc4 f6 10. a4 Nb6 11. Ne3 a5 12. b3 Nf7 13. Qc2 Bd7 14. Bb2 Re8 15. c4
c5 16. dxc5 dxc5 17. Ba3 Qc7 18. Qe2 Nd8 19. Nd5 Qc6 20. Rad1 Ne6 21. Bc1 Nd4
22. Nxd4 cxd4 23. Ba3 Nxd5 24. cxd5 Qb6 25. Bc4 Bf8 26. Bxf8 Rxf8 27. f4 exf4
28. Rxf4 Qd6 29. Rdf1 Rae8 30. Qf2 f5 31. Qxd4+ Qe5 32. Qc5 Qc3 33. R4f3 Qb4
34. Qd4+ Kg8 35. e5 b5 36. axb5 Bxb5 37. Rc1 Bxc4 38. Qxc4 Qxc4 39. bxc4 Rxe5
40. Ra1 Rc8 41. Ra4 Rc5 42. g3 Kf7 43. Kf2 Ke7 44. Re3 Kd6 45. Kf3 g5 46. Ke2
h5 47. Kd3 Rxe3+ 48. Kxe3 Ke5 49. Kf3 Kd6 50. Ke2 Ke5 51. Ke3 Rc8 52. Rxa5 Rxc4
53. d6+ Kxd6 54. Rxf5 Rc2 55. Rxg5 Rxh2 56. Kf3 Rh3 57. Kg2 1-0

[Event "BdR-ch Open 13 0809"]
[Site "Vitrolles"]
[Date "2009.01.10"]
[Round "4"]
[White "Milesi, Laurent"]
[Black "Poulain, Cedric"]
[Result "1/2-1/2"]
[WhiteElo "2091"]
[BlackElo "1933"]
[PlyCount "78"]
[EventDate "2008.10.11"]
[EventType "swiss"]
[EventRounds "9"]
[EventCountry "FRA"]

1. b3 d5 2. Bb2 Bf5 3. e3 e6 4. f4 a6 5. Nf3 Nf6 6. Be2 Nc6 7. O-O Bc5 8. d4
Bd6 9. c4 h6 10. Nc3 Ne4 11. cxd5 Nxc3 12. Bxc3 exd5 13. Ne5 Ne7 14. Bd3 Qc8
15. h3 Bxd3 16. Qxd3 Qf5 17. g4 Qxd3 18. Nxd3 h5 19. Kg2 O-O-O 20. Rh1 Rde8 21.
Bb4 Bxb4 22. Nxb4 a5 23. Nd3 f6 24. Rac1 Nc6 25. Kf3 Nb4 26. Nf2 Nxa2 27. Ra1
Nb4 28. Rxa5 Nc2 29. Ra8+ Kd7 30. Rxe8 Rxe8 31. Nd1 Na1 32. b4 Nc2 33. b5 h4
34. Rh2 Na3 35. Nc3 Kd6 36. Re2 c6 37. bxc6 Kxc6 38. e4 dxe4+ 39. Nxe4 Rb8
1/2-1/2

[Event "BdR-ch Open 13 0809"]
[Site "Vitrolles"]
[Date "2009.01.10"]
[Round "4"]
[White "Noireaut, Hung"]
[Black "Chauvet, Vincent"]
[Result "1-0"]
[WhiteElo "1720"]
[BlackElo "1810"]
[PlyCount "75"]
[EventDate "2008.10.11"]
[EventType "swiss"]
[EventRounds "9"]
[EventCountry "FRA"]

1. e4 e5 2. Nf3 Nc6 3. d4 exd4 4. Nxd4 Bc5 5. Be3 Qf6 6. c3 Nge7 7. Bc4 O-O 8.
O-O Ne5 9. Bb3 d6 10. Nc2 Bxe3 11. Nxe3 Qf4 12. Nd2 Be6 13. Bxe6 fxe6 14. Qb3
d5 15. exd5 Nd3 16. Nf3 Nc5 17. Qa3 b6 18. dxe6 Rf6 19. Nd4 Rh6 20. g3 Qg5 21.
b4 Nd3 22. Nf3 Qh5 23. c4 Ne5 24. Nh4 g5 25. f4 gxh4 26. fxe5 hxg3 27. Qb2 Qg5
28. Rf3 Rxh2 29. Qd4 Rh4 30. Qd3 Qxe5 31. Raf1 Rh1+ 32. Kg2 Qb2+ 33. Nc2 Rh2+
34. Kg1 Qxc2 35. Rxg3+ Ng6 36. Qf3 Rc8 37. e7 Rg2+ 38. Rxg2 1-0

[Event "BdR-ch Open 13 0809"]
[Site "Vitrolles"]
[Date "2009.01.10"]
[Round "4"]
[White "Pierrugues, Laurent"]
[Black "Nakache, Jonathan"]
[Result "0-1"]
[WhiteElo "1860"]
[BlackElo "1874"]
[PlyCount "108"]
[EventDate "2008.10.11"]
[EventType "swiss"]
[EventRounds "9"]
[EventCountry "FRA"]

1. e4 Nf6 2. e5 Nd5 3. d4 d6 4. Nf3 dxe5 5. Nxe5 g6 6. Bc4 c6 7. Qf3 Be6 8. O-O
Bg7 9. Nc3 O-O 10. Nxd5 Bxd5 11. Bxd5 Qxd5 12. Qxd5 cxd5 13. Nf3 Nc6 14. c3 Na5
15. Bd2 Nc4 16. Rab1 Rac8 17. Rfe1 e6 18. Bf4 Rc6 19. Nd2 Rfc8 20. Nxc4 Rxc4
21. Bd2 b5 22. b4 h5 23. Ra1 a5 24. bxa5 Ra8 25. Reb1 Rxa5 26. Rb3 Rc8 27. Bf4
Rca8 28. a3 Bf8 29. Bc1 Kg7 30. Kf1 Kf6 31. Ke2 Kf5 32. Kd3 g5 33. Rab1 Bxa3
34. Bxa3 Rxa3 35. Rxb5 Ra2 36. R1b2 Rxb2 37. Rxb2 {(=)} Ra1 38. Ke3 Rc1 39. Kd3
Rh1 40. h3 Rg1 41. f3 Kf4 42. Rb7 f5 43. Re7 Rxg2 44. Rxe6 Rf2 45. Re5 Rxf3+
46. Ke2 Rxh3 47. Rxd5 Rxc3 48. Rd8 h4 49. d5 Re3+ 50. Kf2 Rd3 51. d6 g4 52. d7
h3 53. Ke2 Rd6 54. Kf2 g3+ 0-1

[Event "BdR-ch Open 13 0809"]
[Site "Vitrolles"]
[Date "2009.01.24"]
[Round "5"]
[White "Battaglia, Gerard"]
[Black "Milesi, Laurent"]
[Result "0-1"]
[WhiteElo "1905"]
[BlackElo "2091"]
[PlyCount "54"]
[EventDate "2008.10.11"]
[EventType "swiss"]
[EventRounds "9"]
[EventCountry "FRA"]

1. d4 Nf6 2. c4 g6 3. Nc3 d5 4. Bg5 Bg7 5. Bxf6 Bxf6 6. Nxd5 Bg7 7. e3 c5 8.
Nf3 Nc6 9. Qd2 cxd4 10. exd4 O-O 11. Rd1 Bg4 12. Be2 Bxf3 13. Bxf3 Nxd4 14. Be4
e6 15. Nc3 Qh4 16. O-O Rac8 17. Bxb7 Rxc4 18. Ba6 Nf3+ 19. gxf3 Be5 20. Rfe1
Bf4 21. Qc2 Rc6 22. Bd3 Qh3 23. Be4 Rc5 24. Bd5 exd5 25. Rxd5 Rxc3 26. bxc3 Qxh2+ 27. Kf1 Qh1+ 0-1

[Event "BdR-ch Open 13 0809"]
[Site "Vitrolles"]
[Date "2009.01.24"]
[Round "5"]
[White "Poulain, Cedric"]
[Black "Busson, Benoist"]
[Result "1-0"]
[WhiteElo "1933"]
[BlackElo "1995"]
[PlyCount "63"]
[EventDate "2008.10.11"]
[EventType "swiss"]
[EventRounds "9"]
[EventCountry "FRA"]

1. Nf3 Nc6 2. d4 d5 3. g3 Bf5 4. Bg2 e6 5. O-O Nb4 6. Na3 c6 7. c3 Na6 8. Nc2
Bd6 9. Nh4 Bxc2 10. Qxc2 g5 11. Nf3 g4 12. Ne5 Bxe5 13. dxe5 h5 14. e4 Qc7 15.
exd5 cxd5 16. Qa4+ Qc6 17. Qd4 Ne7 18. Bg5 Qc5 19. Rfd1 Qxd4 20. Rxd4 Nc6 21.
Rf4 Nc5 22. Rd1 Rg8 23. Bf6 Nd7 24. c4 Nxf6 25. exf6 Rg5 26. cxd5 O-O-O 27. h4
Re5 28. d6 Kd7 29. Rc4 Rc8 30. b4 a5 31. Rc5 axb4 32. Bxc6+ 1-0

[Event "BdR-ch Open 13 0809"]
[Site "Vitrolles"]
[Date "2009.01.24"]
[Round "5"]
[White "Estevez, Ange"]
[Black "Parroco, Pierre Jean"]
[Result "1-0"]
[WhiteElo "1624"]
[BlackElo "1745"]
[PlyCount "51"]
[EventDate "2008.10.11"]
[EventType "swiss"]
[EventRounds "9"]
[EventCountry "FRA"]

1. e4 e5 2. d4 exd4 3. c3 dxc3 4. Bc4 cxb2 5. Bxb2 d5 6. Bxd5 Nf6 7. Ne2 Bb4+
8. Nbc3 Nxd5 9. exd5 O-O 10. O-O Nd7 11. Ne4 Bd6 12. f4 Nb6 13. Kh1 Nc4 14. Bd4
Bg4 15. Qd3 Bxe2 16. Qxe2 Nb6 17. Qg4 f6 18. Rae1 Be7 19. Qe6+ Rf7 20. Nc3 Bb4
21. Bxb6 axb6 22. Rc1 Bxc3 23. Rxc3 Rxa2 24. Rd3 Kf8 25. d6 cxd6 26. Qxa2 1-0